000 00423nam a2200157Ia 4500
003 GCL
008 140319s9999 xx 000 0 ara d
040 _aGCL /
_cGCL
082 0 4 _a810.9
_bف هـ
100 1 _aفاروق خورشيد
245 1 0 _aهموم كاتب معاصر /
_cفاروق خورشيد
490 _a100 قصة
_v0
650 0 4 _aالنقد الادبى
650 0 4 _aالمقالات
942 _2ddc
_cBK
999 _c44989
_d44989